000 01155nam a2200337 c 4500
999 _c200423
_d200423
003 BLK
005 20220228151938.0
008 180411b bul|||||r ||||||| ||bul||
010 _aKNG00209842000
020 _a954-9906-03-5
040 _aBLK
041 _aBUL
_cBUL
072 7 _2bullib
_aК
_xКраезнание
072 7 _2bullib
_aРА
_xРусенски автори
080 _aБългарска литература
_b821.163.2
_x-1
_z821.163.2-1
100 1 _aМаджурова, Христина
_eпърви автор
_990708
139 _aМаджурова, Христина
_bМ 14
245 1 0 _aОрисия
_bЛирика
_cХристина Маджурова.
257 _aBGR
260 _bИзд. авт.
_c1999
300 _a40 с.
_c20 см
380 _aX
500 _aСъдържа и за авт. - 200 тир.
653 _aстихотворения
659 _aК
852 _aЦб 286558
852 _aК 821.163.2/М 14 Х
856 4 _qpdf
856 4 _qpdf
942 _cKNG
_n0
_s1
944 _aCR
_c22.07.2017
_lф /
_kВиолета_Тройчева
944 _aED
_c19.09.2017
_lф /
_kЛюдмила_Стоянова
999 _d200423